| 000 | 00620nam a2200253Ia 4500 | ||
|---|---|---|---|
| 005 | 20250425161942.0 | ||
| 008 | 250425s9999 xx 000 0 und d | ||
| 020 | _a0385469349 | ||
| 041 | _aeng | ||
| 082 | _a658.4012 | ||
| 100 | _aLASHER, WILLIAM | ||
| 245 | 0 | _aTHE PERFECT BUSINESS PLAN MADE SIMPLE | |
| 250 | _aS.E. | ||
| 260 |
_aEstados Unidos _bMADE SIMPLE BOOKS _c1994 |
||
| 260 | _aNEW YORK | ||
| 300 | _a278 | ||
| 650 | _aEMPRESAS | ||
| 650 | _aFINANZAS | ||
| 650 | _aNEGOCIOS | ||
| 650 | _aPLANIFICACION ESTRATEGICA | ||
| 710 | _aMADE SIMPLE BOOK DOUBLEDAY | ||
| 942 | _c01 | ||
| 010 | _a36687 | ||
| 999 |
_c219529 _d219529 |
||